LEADER 01026nam a2200241 i 4500 001 000000156639 003 CaOOAMICUS 005 20061211000000.0 008 061211s1977 it u000 u fre u 013 $a133994 040 $aSeMil$bita 100 1 $aMonoranu, Octav.$0(OLS)http://semarc/name/61181 245 10$aPutna /$ctexte : Octav Monoranu, photos Ion Miclea ; translated by Eliza Madolciu. 260 $aBucarest :$bEditura Sport-Turism,$c1977. 300 $a24 p., [24] p. di tav. ;$c15 cm. 490 0 $aMonuments historiques et d'art de la Roumanie 700 1 $aMadolciu, Eliza.$0(OLS)http://semarc/name/61182 700 1 $aMiclea, Ion.$0(OLS)http://semarc/name/61179 830 0$aMonuments historiques et d'art de la Roumanie.$0(OLS)http://semarc/title/22461 850 $aSeMil 852 $aSeMil$W1$xVenegono$y1$m5J VI 182$j108388$B108388$CSeMilBibl$Z2$F117970 $81 996 $6245$aPutna$9(OLS)http://semarc/title/229592 996 $6260$aBucarest :$bEditura Sport-Turism$9(OLS)http://semarc/publisher/34535 LEADER 00849nab a2200181 i 4500 001 000000334941 003 CaOOAMICUS 005 20190715143518.0 008 190715s2018 xxkmr u0 0eng r 013 $a47379 040 $aSeMil$bita 245 10$aMisunderstandings about "Freedom" in John 8:31-36 ; Jesus' Philoi vs. Jesus' Douloi : conflicts over the Paraclete's Function and Authority in the Johannine Community. 300 $aP. 348-397 310 $aMensile, May 2018 500 $aTitoli principali dalla cop. 773 0 $t[October 2017-September 2018].$dLondon : SAGE Publications, copyr. 2017-2018.$w()255959 996 $6245$aMisunderstandings about "Freedom" in John 8:31-36 ; Jesus' Philoi vs. Jesus' Douloi : conflicts over the Paraclete's Function and Authority in the Johannine Community$9(OLS)http://semarc/title/424537